000 00571nam a22002537a 4500
003 UA-OsUOA
001 31738
007 ta
008 20050111b un ||||| |||| 00| 0 ukr d
100 _aМанфред А.
090 _a94(44)
_bМ24
942 _cBK
040 _aUA-OsUOA
_brus
_cUA-OsUOA
_dUA-OsUOA
245 _aНаполеон Бонапарт
300 _a624 с.
955 _a0
041 _arus
080 _a94(44)
020 _a5-244-00889-7
260 _aМосква
_bМысль
_c1999
044 _aRU
650 7 _2UDC
999 _c318168
_d318168